000 00791nam a2200253Ia 4500
003 OSt
005 20221002050944.0
006 a|||||r|||| 00| 0
007 ta
008 220930b |||||||| |||| 00| 0 eng d
024 _a21578
037 _cReference Collections
040 _aCRL
_cCRL
_beng
041 _2eng
_aeng
082 _aV1N45k, M5;-N0 ( RR )
100 _aOsmanczyk Edument Jan
_9571948
245 0 _aEncyclopedia of the United Nations and international agreements
260 _aPhiladelphia
_bTaylor and Francis
_c1985
300 _a1059p, 1220p
_ccm.
650 _a ENCYCLOPEDIAS AND DICTIONARIES
_977
650 _aWORLD HISTORY
942 _hV1N45k, M5;-N0 ( RR )
_cref
_2CC
999 _c915703
_d915703